000 00965nam a2200313 i 4500
003 EG-GICUC
005 20260511163556.0
008 260511s1993 fr ||||fr|||| 00| 0 fre d
020 _a2281122026
040 _aEG-GiCUC
_bfre
_cEG-GiCUC
_dEG-GiCUC
_eRda
082 0 4 _221
_a345.4
_bDU . D
092 0 4 _221
099 _aLaw1 07 345.4 DU . D 1993
100 1 _aDufau, Jean
_eAuteur
245 1 3 _aLe Domaine Public
_nTome 1 /
_cJean Dufau.
_b
250 _aQuatrième Édition
264 1 _aParis :
_bLe Moniteur,
_c1993.
300 _a382page :
_billustration ;
_c 24 cm.
336 _2rda contenu
_a texte
337 _2rda medias
_aOrdinateur
338 _2 transporteur rda
_a Ressource en ligne
504 _aBibliography: pages 200-250. 240-220
546 _aTexte en français
650 1 4 _aDroit administratif
_2
651 1 _2
856 4 0 _uhttps://fll.law.cu.edu.eg/fulltext/bks/B07-06375.pdf
905 _a50
942 _2ddc
_cBK
_e21
_n0
999 _c76610
_d76610